Holmes principles of physical geology (Record no. 43134)

MARC details
000 -LEADER
fixed length control field 00404nam a2200157Ia 4500
008 - FIXED-LENGTH DATA ELEMENTS--GENERAL INFORMATION
fixed length control field 230917s9999||||xx |||||||||||||| ||und||
040 ## - CATALOGING SOURCE
-- 82649
Original cataloging agency VIVEKANANDA LIBRARY
041 ## - Language
-- English
082 ## - DDC NUMBER
Classification number 551 H734H
100 ## - MAIN ENTRY--PERSONAL NAME
Personal name Holmes, Arthur
245 #0 - TITLE STATEMENT
Title Holmes principles of physical geology
250 ## - EDITION STATEMENT
Edition statement 3rd ed.
260 ## - PUBLICATION, DISTRIBUTION, ETC. (IMPRINT)
Place of publication, distribution, etc Nairobi Kenya
Name of publisher, distributor, etc English Language Book Society
Date of publication, distribution, etc 1976
300 ## - PHYSICAL DESCRIPTION
Pages 730 p.
942 ## - ADDED ENTRY ELEMENTS (KOHA)
Koha item type Books
Holdings
Withdrawn status Lost status Damaged status Not for loan Location (home branch) Sublocation or collection (holding branch) Shelving location Date acquired Koha issues (times borrowed) Koha full call number Accession No. Koha date last seen Koha item type
        VIVEKANANDA LIBRARY VIVEKANANDA LIBRARY Geography Department 17/03/2003   551 H734H 109542 17/09/2023 Books
© Designed and Maintained by Vivekananda Library, MDU Rohtak